000 00732nam a2200265Ia 4500
005 20260302115647.0
008 008 260114s9999 xx 000 0 eng d
020 _a9798216013921
037 _aTextbook
040 _aCRL
040 _beng
040 _cCRL
041 _2eng
041 _aeng
084 _qCRL
100 _aRon Engle, Felicia Hardison Londre, Daniel J. Watermeier
_91122262
245 0 _aShakespeare Companies and Festivals An International Guide
260 _bBloomsbury
260 _bGreenwood
260 _c1995
650 _aLiterary Studies
856 _uhttps://doi.org/10.5040/9798216013921?locatt=label:secondary_bloomsburyCollections
942 _cEBOOK
999 _c1687026
_d1687026